000 00918nas a2200277 4500
001 BR2015001061
003 BR-BrBNA
005 20231205125126.0
007 ta
008 230509b bl.|||p| |||| 00| 00por d
040 _aBR-BrBNA
_bpor
_cBiblioteca Nacional de Agricultura
041 _a(Pt)
072 _aN20; F01; U10
100 1 _aRafull, L.Z.L.
100 1 _aQueiroz, D.M. de
100 1 _aSouza, C.M.A. de
100 1 _aPinto, F. de A. de C.
245 1 _aModelagem e análise de um sistema de controle automático da altura de corte em colhedoras
650 _aMÁQUINA AGRÍCOLA
650 _aMECANIZAÇÃO AGRÍCOLA
650 _aPERFORMANCE
650 _aCOLHEITA MECÂNICA
773 0 _tRevista Brasileira de Engenharia Agrícola e Ambiental (Brasil)
_xISSN 1415-4366
_g(Jul-Sep 2006), v. 10(3) p. 751-758
_wBR2015001061
909 _a202311
_bLúcia
_c55
_dLúcia Elande
942 _2AGRIS
_n0
_cANA
999 _c242782
_d242782